| 000 | 00479nam a2200145 a 4500 | ||
|---|---|---|---|
| 008 | 120416s0000 ||||||||||||||||| || u | ||
| 020 | _a0851570739 | ||
| 050 | _aZ 665 Ben | ||
| 100 | _aBenge, Ronald C | ||
| 245 | 1 | 0 | _aLibraries and cultural change |
| 260 |
_aLondon _bBingley _c1970 |
||
| 300 | _a278p. | ||
| 350 | _a0.00 | ||
| 995 |
_D0.00 _FCBU-MAIN LIBRARY (Kitwe) _H1 _I4.00 _M1 _UAVAILABLE _ZAnnex Low-Usage Collection |
||
| 999 |
_c49161 _d49161 |
||